ბათუმის შოთა რუსთაველის სახელმწიფო უნივერსიტეტის ბიბლიოთეკა

მასაჟი : (ბიბ.ჩანაწერი № 43996)

000 -ლიდერი
ფიქსირებული სიგრძის საკონტროლო ველი 01394nam a2200301Ia 4500
001 - საკონტროლო ნომერი
საკონტროლო ველი 10746
003 - საკონტროლო ნომრის იდენტიფიკატორი
საკონტროლო ველი GE_BSU
005 - ბოლო ოპერაციის თარიღი და დრო
საკონტროლო ველი 20231031110638.0
008 - ფიქსირებული სიგრძის მონაცემთა ელემენტები - ზოგადი ინფორმაცია
ფიქსირებული სიგრძის საკონტროლო ველი 181216s2014||||ge |||||||||||||| ||eng||
020 ## - წიგნის საერთაშორისო სტანდარტული ნომერი
International Standard Book Number 9789994058518
040 ## - კატალოგიზაციის წყარო
Transcribing agency GE_BSU
041 ## - ენის კოდი
Language code of text/sound track or separate title geo
080 ## - უნივერსალური ათობითი კლასიფიკაციის ინდექსი
Universal Decimal Classification number 615.8(075.8) უ–62
100 ## - მთავარი ჩანაწერი - პიროვნების სახელი
Personal name ურუშაძე, ხათუნა.
9 (RLIN) 20269
245 ## - ცნობა სათაურის შესახებ
Title მასაჟი :
Remainder of title სახელმძღვ. /
Statement of responsibility, etc ხათუნა ურუშაძე; რედ.: მზია კანდელაკი, თამარ თავაძე; [საქ. აკუპუნქტურისტთა ასოციაცია].
250 ## - გამოცემის ცნობა
Edition statement მეოთხე გამოცემა.
264 ## - წარმოების, გამოცემის, დისტრიბუციის და სხვა ცნობები
გამოცემის, წარმოების, დისტრიბუციის... ადგილი თბილისი:
გამოცემის, წარმოების, დისტრიბუციის... სახელწოდება ივერიონი,
გამოცემის, წარმოების, დისტრიბუციის... თარიღი 2014.
300 ## - ფიზიკური აღწერა
Extent 580 გვ.;
Other physical details ილ., ცხრ., სქ. ;
Dimensions 29 სმ.
501 ## - შენიშვნა თანმხლებ მასალაზე
With note დანართები: გვ. 542-575.
504 ## - BIBLIOGRAPHY, ETC. NOTE
Bibliography, etc ბიბლიოგრ.: გვ. 576.
653 ## - INDEX TERM--UNCONTROLLED
Uncontrolled term მასაჟი
653 ## - INDEX TERM--UNCONTROLLED
Uncontrolled term მედიცინა
700 ## - ADDED ENTRY--PERSONAL NAME
Personal name კანდელაკი, მ. (მზია)
Relator term რედაქტორი
9 (RLIN) 20270
700 ## - ADDED ENTRY--PERSONAL NAME
Personal name თავაძე, თ. (თამარ)
Relator term რედაქტორი
9 (RLIN) 20271
710 ## - ADDED ENTRY--CORPORATE NAME
Corporate name or jurisdiction name as entry element საქ. აკუპუნქტურისტთა ასოციაცია
9 (RLIN) 20272
942 ## - ADDED ENTRY ELEMENTS (KOHA)
Koha item type წიგნი
Source of classification or shelving scheme
ეგზემპლარები
ჩამოწერის სტატუსი დაკარგული ეგზემპლარის სტატუსი კლასიფიკაციის წყარო ან თაროზე გაწყობის სქემა დაზიანების სტატუსი არ გაიცემა მუდმივი მდებარეობა (დაცვის ადგილი) ამჟამინდელი ადგილსამყოფელი თაროზე განთავსების ადგილი შეძენის თარიღი ღირებულება, შესყიდვის ნორმალური ფასი სრული შენახვის შიფრი შტრიხკოდი ბოლო ოპერაციის თარიღი ეგზემპლარის მიმდევრობითი ნომერი (კეტერი?) ფასის ძალაში შესვლის თარიღი ეგზემპლარის სახეობა საჯარო შენიშვნა
          ბათუმის შოთა რუსთაველის სახელმწიფო უნივერსიტეტის მთავარი ბიბლიოთეკა ბათუმის შოთა რუსთაველის სახელმწიფო უნივერსიტეტის მთავარი ბიბლიოთეკა წიგნსაცავი 2018-12-17 68.00 615.8(075.8) უ–62 35009 2018-12-17 35009 2018-12-17 წიგნი 68 ლ.
          ბათუმის შოთა რუსთაველის სახელმწიფო უნივერსიტეტის მთავარი ბიბლიოთეკა ბათუმის შოთა რუსთაველის სახელმწიფო უნივერსიტეტის მთავარი ბიბლიოთეკა წიგნსაცავი 2018-12-17 68.00 615.8(075.8) უ–62 35010 2018-12-17 35010 2018-12-17 წიგნი 68 ლ.
          ბათუმის შოთა რუსთაველის სახელმწიფო უნივერსიტეტის მთავარი ბიბლიოთეკა ბათუმის შოთა რუსთაველის სახელმწიფო უნივერსიტეტის მთავარი ბიბლიოთეკა წიგნსაცავი 2018-12-17 68.00 615.8(075.8) უ–62 35011 2018-12-17 35011 2018-12-17 წიგნი 68 ლ.
          ბათუმის შოთა რუსთაველის სახელმწიფო უნივერსიტეტის მთავარი ბიბლიოთეკა ბათუმის შოთა რუსთაველის სახელმწიფო უნივერსიტეტის მთავარი ბიბლიოთეკა წიგნსაცავი 2018-12-17 68.00 615.8(075.8) უ–62 35012 2018-12-17 35012 2018-12-17 წიგნი 68 ლ.
          ბათუმის შოთა რუსთაველის სახელმწიფო უნივერსიტეტის მთავარი ბიბლიოთეკა ბათუმის შოთა რუსთაველის სახელმწიფო უნივერსიტეტის მთავარი ბიბლიოთეკა წიგნსაცავი 2018-12-17 68.00 615.8(075.8) უ–62 35013 2018-12-17 35013 2018-12-17 წიგნი 68 ლ.
          ბათუმის შოთა რუსთაველის სახელმწიფო უნივერსიტეტის მთავარი ბიბლიოთეკა ბათუმის შოთა რუსთაველის სახელმწიფო უნივერსიტეტის მთავარი ბიბლიოთეკა წიგნსაცავი 2018-12-17 68.00 615.8(075.8) უ–62 35014 2018-12-17 35014 2018-12-17 წიგნი 68 ლ.
          ბათუმის შოთა რუსთაველის სახელმწიფო უნივერსიტეტის მთავარი ბიბლიოთეკა ბათუმის შოთა რუსთაველის სახელმწიფო უნივერსიტეტის მთავარი ბიბლიოთეკა წიგნსაცავი 2018-12-17 68.00 615.8(075.8) უ–62 35015 2018-12-17 35015 2018-12-17 წიგნი 68 ლ.
          ბათუმის შოთა რუსთაველის სახელმწიფო უნივერსიტეტის მთავარი ბიბლიოთეკა ბათუმის შოთა რუსთაველის სახელმწიფო უნივერსიტეტის მთავარი ბიბლიოთეკა წიგნსაცავი 2018-12-17 68.00 615.8(075.8) უ–62 35016 2018-12-17 35016 2018-12-17 წიგნი 68 ლ.